000 00412nam a2200169Ia 4500
005 20250508050356.0
008 240331s9999 xx 000 0 und d
020 _a9559261002
082 _bBAW
_a891
100 _aBawani,
245 0 _aKadavularum manitharum
250 _a2nd
260 _aColombo
_bWomen's Education and Research Centre
_c1994
300 _a149 p .,
650 _aShort Stories
942 _cL
999 _c4381
_d4381